000 00723nam a2200205Ii 4500
003 JO-AjNU
008 230605s9999||||xx |||||||||||||| ||und||
020 _a9953-29-098-9
040 _aJO-AjNU
_bara
_erda
_cJO-AjNU
041 _aara
050 1 4 _aQA76.9.D3.O6612 2004
100 3 _aاوبل ، اندي ؛ ترجمة مركز التعريب والترجمة,
_eauthor
_931058
245 0 0 _aكشف اسرار قواعد البيانات=Databases Demystified
264 3 1 _aبيروت:الدار العربية للعلوم ، 2004
300 _a344ص
336 _atext
_btxt
_2rdacontent
337 _aunmediated
_bn
_2rdamedia
338 _avolume
_bnc
_2rdacarrier
650 4 _aقواعد البيانات
_931059
999 _aA12381
_c15949
_d15949